000 00917nam a2200157Ia 4500
008 090124s9999 xx 000 0 und d
082 _b34194
245 _a साहित्याने मला काय दिले ? (नामवंत साहित्यिकांचा साहित्यप्रवास)
250 _a3
260 _b"तावरे स्नेहल , आरती दातार"
_c2007
300 _a208
630 _a साहित्याने मला काय दिले ? (नामवंत साहित्यिकांचा साहित्यप्रवास)
700 _a"तावरे स्नेहल , आरती दातार"
730 _a साहित्याने मला काय दिले ? (नामवंत साहित्यिकांचा साहित्यप्रवास)
942 _cBOOK
999 _c196878
_d196878